| 000 | 01213nam a2200325 a 4500 | ||
|---|---|---|---|
| 001 | BRCA_7947 | ||
| 005 | 20190320210051.0 | ||
| 008 | 100314s1974----mx-a###f##---#000-0#spa-# | ||
| 041 | _aspa | ||
| 044 | _amx | ||
| 050 | 4 |
_aNA5257 _b.V37 1974 |
|
| 100 | 1 |
_aVargas Lugo, Elisa _9500 |
|
| 245 | 1 | 0 |
_aLa iglesia de Santa Prisca de Taxco _cElisa Vargas Lugo ; viñetas de Manuel González Galván ; fotografías de Elisa Vargas Lugo, Carlos Heinze y Gerardo Kholman. |
| 260 |
_aMéxico _bUNAM, Instituto de Investigaciones Estéticas _c1974 |
||
| 300 |
_a307 p. _bil. a color, 22 láminas _c28 cm. |
||
| 500 | _aDedicatoria de la autora al señor Franz Mayer | ||
| 500 | _a3104 | ||
| 500 | _aDedicatoria de la autora al señor Franz Mayer | ||
| 504 | _aBibliografía p.306-307 | ||
| 650 | 1 | 4 |
_aSanta Prisca (Iglesia) _zTaxco (México) _919690 |
| 650 | 1 | 4 |
_aArquitectura religiosa _zMéxico _924 |
| 650 | 1 | 4 |
_aIglesias _zMéxico _94471 |
| 651 | 4 |
_aTaxco, Guerrero _910504 |
|
| 700 | 1 |
_aGonzález Galván, Manuel _93020 |
|
| 700 | 1 |
_aHeinze, Carlos _eil. _919691 |
|
| 700 | 1 |
_aKholman, Gerardo _eil. _919692 |
|
| 710 | 2 |
_aUNAM _bInstituto de Investigaciones Estéticas _911430 |
|
| 902 | _aGFM | ||
| 942 |
_2lcc _cB |
||
| 999 |
_c7616 _d7616 |
||